ბათუმის შოთა რუსთაველის სახელმწიფო უნივერსიტეტის ბიბლიოთეკა

ევროპის ლექსიკონი : (ბიბ.ჩანაწერი № 62766)

000 -ლიდერი
ფიქსირებული სიგრძის საკონტროლო ველი 01275nam a22002297a 4500
003 - საკონტროლო ნომრის იდენტიფიკატორი
საკონტროლო ველი Ge_BSU
005 - ბოლო ოპერაციის თარიღი და დრო
საკონტროლო ველი 20250210160218.0
008 - ფიქსირებული სიგრძის მონაცემთა ელემენტები - ზოგადი ინფორმაცია
ფიქსირებული სიგრძის საკონტროლო ველი 250210s2008 ge ||||| |||| 00| 0 geo d
020 ## - წიგნის საერთაშორისო სტანდარტული ნომერი
International Standard Book Number 9789994017850
041 ## - ენის კოდი
Language code of text/sound track or separate title geo
080 ## - უნივერსალური ათობითი კლასიფიკაციის ინდექსი
Universal Decimal Classification number 913(4)(038) ტ-61
100 ## - მთავარი ჩანაწერი - პიროვნების სახელი
Personal name ტისიე, ივ.
9 (RLIN) 24299
245 ## - ცნობა სათაურის შესახებ
Title ევროპის ლექსიკონი :
Remainder of title გამქრალი და თანამედროვე სახელმწიფოები 1789 წლიდან დღემდე /
Statement of responsibility, etc ივ ტისიე; [რედ.: მანანა მექვაბიშვილი, სამეცნ. რედ. ოთარ ჯანელიძე].
264 ## - წარმოების, გამოცემის, დისტრიბუციის და სხვა ცნობები
გამოცემის, წარმოების, დისტრიბუციის... ადგილი თბ. :
გამოცემის, წარმოების, დისტრიბუციის... სახელწოდება ჯისიაი,
გამოცემის, წარმოების, დისტრიბუციის... თარიღი 2008.
300 ## - ფიზიკური აღწერა
Extent 825 გვ. :
Other physical details რუკ. ;
Dimensions 24 სმ.
500 ## - ზოგადი შენიშვნა
General note პარალ. თავფურ. ფრანგ.
501 ## - შენიშვნა თანმხლებ მასალაზე
With note დანართი: გვ. 681-754.
რუკები: გვ. 775-825.
653 ## - INDEX TERM--UNCONTROLLED
Uncontrolled term ევროპის ლექსიკონი
700 ## - ADDED ENTRY--PERSONAL NAME
Personal name ჯანელიძე, ოთარ
Relator term სამეცნ. რედაქტორი
9 (RLIN) 1743
700 ## - ADDED ENTRY--PERSONAL NAME
Personal name მექვაბიშვილი, მანანა
Relator term რედაქტორი
9 (RLIN) 24300
942 ## - ADDED ENTRY ELEMENTS (KOHA)
Source of classification or shelving scheme
Koha item type წიგნი
ეგზემპლარები
ჩამოწერის სტატუსი დაკარგული ეგზემპლარის სტატუსი კლასიფიკაციის წყარო ან თაროზე გაწყობის სქემა დაზიანების სტატუსი არ გაიცემა მუდმივი მდებარეობა (დაცვის ადგილი) ამჟამინდელი ადგილსამყოფელი თაროზე განთავსების ადგილი შეძენის თარიღი ღირებულება, შესყიდვის ნორმალური ფასი სრული შენახვის შიფრი შტრიხკოდი ბოლო ოპერაციის თარიღი ეგზემპლარის მიმდევრობითი ნომერი (კეტერი?) Uniform Resource Identifier ფასის ძალაში შესვლის თარიღი ეგზემპლარის სახეობა საჯარო შენიშვნა
          ბათუმის შოთა რუსთაველის სახელმწიფო უნივერსიტეტის მთავარი ბიბლიოთეკა ბათუმის შოთა რუსთაველის სახელმწიფო უნივერსიტეტის მთავარი ბიბლიოთეკა წიგნსაცავი 2025-02-10 10.00 913(4)(038) ტ-61 70603 2025-02-10 70603 ნაჩუქარი 2025-02-10 წიგნი 10 ლ.